| 000 | 00540nmm a2200169Ia 4500 | ||
|---|---|---|---|
| 008 | 251105s9999||||xx |||||||||||||||||und|| | ||
| 020 | _a9788484891192 | ||
| 041 | _aspa | ||
| 100 | _aTamayo de Vargas, Tomás | ||
| 245 | 0 |
_aJunta de libros : _b Edición crítica de Belén Álvarez García |
|
| 264 |
_a[Madrid, España] : _bIberoamericana Vervuert, _c2007 |
||
| 300 | _a775 páginas | ||
| 490 | _aBiblioteca Áurea Hispánica | ||
| 650 | _aSpanish literature | ||
| 856 | _uhttps://public.digitaliapublishing.com/a/15411 | ||
| 942 | _cCF | ||
| 999 |
_c86514 _d86514 |
||